00943nam a22002417a 450000500170000000800410001702000360005802000370009405000210013124501340015225000110028626000500029730000280034750400350037565000390041065000540044965000540050370000450055770000360060270000310063894200130066999900190068220230328141833.0230328s2008 mx d|||gr|||| 00| 0 spa|d a9789709967104 (Flacso Méxoco) a9789707227132 (Plaza y Valdés)04aHM851 bI57 200800aInstituciones, sociedad del conocimiento y mundo del trabajoc / Giovanna Valenti, Mónica Casalet, Dante Avaro (coordinadores). a1a ed. aMéxico :bFLACSO :bPlaza y Valdés,c2008 a473 p. :bil. ;c23 cm. aBibliografía : p. 416 - 419. 72lembaSociedad de la información 72lembaInnovaciones tecnológicasxOferta laboral 4aRelaciones laboralesxInnovaciones tecnológicas1 aValenti Nigrini, Giovanna, ecoordinador1 aCasalet, Mónica,ecoordinador1 aAvaro, Dante,ecoordinador 2lcccLIB c166819d166817